003330000a22001090004500090001700000245006500017041001400082100003600096942001300132773006100145999001700206 aASbSeriadas10aContribución al conocimiento de las Charophyta de Colombia0 aEspañol1 aMora Osejo, Luis Eduardo912168 cARTICULO1 tMutisia: Acta Botánica Colombiana3893h41q1-12d1977 c15296d15296